000 01713nmc a2200445 a 4500
003 AR-BaBNM
005 20251128203010.0
008 217019s1970 ||||||||||||||000 | spa||
040 _cAR-BaBNM
100 1 _aBaskin, Samuel
245 1 0 _aLa educación superior
_balgunos de los más recientes progresos
260 _aBuenos Aires
_bEl Ateneo
_c1970
300 1 _aviii, 335 p.
490 0 _aBiblioteca nuevas orientaciones de la educación
500 1 _aEste libro refiere a los colleges: institución de la educación superior norteamericana donde se enseñan humanidades y ciencias, y se confiere, después de cuatro años de estudios, el título de bachelor
500 0 _aAHE: ASSOCIATION FOR HIGHER EDUCATION
504 _aContiene bibliografía al final de cada capítulo
650 4 _aUNIVERSIDADES E INSTITUTOS DE ENSENANZA SUPERIOR
650 4 _aFORMACION PROFESIONAL
650 4 _aPLAN DE ESTUDIOS DE ENSENANZA SUPERIOR
650 4 _aESTUDIANTES
651 4 _aEstados Unidos
653 0 _aEDUCACION SUPERIOR
700 1 _aMayhew, Lewis B.
_ecolaborador
700 1 _aMcGrath, Earl J.
_ecolaborador
700 1 _aMeer, Richard L.
_ecolaborador
700 1 _aDearing, Bruce
_ecolaborador
700 1 _aAbrams, Irwin
_ecolaborador
700 1 _aGlodberg, Maxwell
_ecolaborador
700 1 _aCarpenter, C.R.
_ecolaborador
700 1 _aHorn, Francis H.
_ecolaborador
700 1 _aMorisseau, James J.
_ecolaborador
700 1 _aBeecher, George
_ecolaborador
700 1 _aStickler, Hugh W.
_ecolaborador
700 1 _aRussell, John Dale
_ecolaborador
700 1 _aSmith, Kerry G.
_eprologuista
800 1 _aMárquez, Angel Diego
_edirector
942 _cBK
998 _cSILVI
999 _c1450
_d1450